Nigama vitta. (Record no. 72540)

MARC details
000 -LEADER
fixed length control field 00680cam a22002531 4500
001 - CONTROL NUMBER
control field sa 67001322
003 - CONTROL NUMBER IDENTIFIER
control field DLC
005 - DATE AND TIME OF LATEST TRANSACTION
control field 20260227112321.0
008 - FIXED-LENGTH DATA ELEMENTS--GENERAL INFORMATION
fixed length control field 890111s1965 xx 000 0 hino
010 ## - LIBRARY OF CONGRESS CONTROL NUMBER
LC control number sa 67001322
035 ## - SYSTEM CONTROL NUMBER
System control number (OCoLC)23555578
040 ## - CATALOGING SOURCE
Original cataloging agency DLC
Transcribing agency MiU
Modifying agency DLC
042 ## - AUTHENTICATION CODE
Authentication code premarc
043 ## - GEOGRAPHIC AREA CODE
Geographic area code a-ii---
050 00 - LIBRARY OF CONGRESS CALL NUMBER
Classification number HG4242
Item number .K82
100 1# - MAIN ENTRY--PERSONAL NAME
Personal name Kulshreshtha, Raghubir Sahai,
Dates associated with a name 1921-
245 10 - TITLE STATEMENT
Title Nigama vitta.
260 ## - PUBLICATION, DISTRIBUTION, ETC.
Date of publication, distribution, etc. 1965.
300 ## - PHYSICAL DESCRIPTION
Extent 2, ix, 620, [a]-d. p.
Other physical details illus.
Dimensions 23 cm.
500 ## - GENERAL NOTE
General note Romanized.
650 #0 - SUBJECT ADDED ENTRY--TOPICAL TERM
Topical term or geographic name entry element Corporations
Geographic subdivision India
General subdivision Finance.
650 #0 - SUBJECT ADDED ENTRY--TOPICAL TERM
Topical term or geographic name entry element Government business enterprises
Geographic subdivision India
General subdivision Finance.
740 0# - ADDED ENTRY--UNCONTROLLED RELATED/ANALYTICAL TITLE
Uncontrolled related/analytical title Corporation finance.

No items available.

Powered by Koha